| 000 | 00676nmm a22002537a 4500 | ||
|---|---|---|---|
| 005 | 20170209100840.0 | ||
| 008 | 150727b xxu||||| |||| 00| 0 spa d | ||
| 041 | _aspa | ||
| 082 | _aGT 15 | ||
| 100 |
_aCalderón Brizuela, Jessica _938592 |
||
| 100 |
_aJiménez Solís, Avisac _938593 |
||
| 100 |
_aObando Jones, Tamara _938594 |
||
| 245 | _aMacrosistemas cantón de Limón | ||
| 260 | _c2009 | ||
| 300 | _a121 páginas | ||
| 502 | _a | ||
| 650 |
_aCANTÓN DE LIMÓN _938575 |
||
| 650 |
_aCOSTA RICA _938595 |
||
| 650 |
_aPOBLACIÓN _91773 |
||
| 650 |
_aHISTORIA _943 |
||
| 650 |
_aSISTEMA SOCIAL _92846 |
||
| 650 |
_aATRACTIVOS TURÍSTICOS _95394 |
||
| 942 | _cCD | ||
| 999 |
_c6560 _d6560 |
||